000 00284nam a2200097Ia 4500
008 210107s9999 xx 000 0 und d
100 _aISO
245 0 _aQuality Management Systems: Guideline for quality management in projects, ISO 1006:2003
260 _aSwizerland
_bISO
942 _cBK
999 _c10989
_d10989